000 01273nam a2200325 a 4500
001 BRCA_8316
005 20190320210226.0
008 240614s1758----fr-####f##---#000-0#lat-#
041 _alat
044 _afr
050 4 _aBX2000
_b.B85 1758
100 1 _aBuisson de Beauteville, Joannis-Ludovici
_d1708-1776
_920765
245 1 0 _aBreviarium Alesiense
_cilustrissimi & reverendissimi in Christo Patris Joannis-Ludovici de Buisson de Beauteville.
260 _aParisiis
_bBibliopole Usuum Alesiensium
_c1758
300 _a1 v. (paginación variada)
_c22 cm.
500 _aFondo antiguo
500 _aSe encuentra en Caja Fuerte, 16-marzo-2016
500 _aR-6
500 _aCon Ex-libris de: Franz Mayer
500 _aUso de letras capitulares
500 _aIncluye tabla de contenido e índice
500 _aTexto impreso a dos columnas
500 _aEn las guardas se localizan notas con oraciones
500 _aNota de encuadrenación: en piel con ornamenos y cantos dorados el inferior se encuentra desgastado
506 0 _aFondo reservado: para su consulta es necesario credencial de usuario y carta de motivos
650 1 4 _aLiteratura religiosa
_vCompendios
_920766
650 1 4 _aCatolicismo
_vBreviarios
_920767
902 _aLAR
942 _2lcc
_cB
999 _c7984
_d7984